000 00501nam a2200181 a 4500
001 5744
003 CO-ViMGA
008 141112s2004 ck r 000 u spa d
040 _aCO-ViMGA
_bspa
_cCO-ViMGA
082 0 4 _a724.9 C177
245 1 0 _aCartagena de indias :
_bColombia. Guía ciudad historica
250 _a2a
260 _aSantafé de Bogotá :
_bColcultura,
_c1994
300 _a151 p : il
490 _aGuías de arquitectura
650 1 4 _aARQUITECTURA CARTAGENERA
_94223
942 _2ddc
_cBK
999 _c17725
_d17725